| Tag |
First Indicator |
Second Indicator |
Subfields |
| LEADER |
00000cas a2200000Ia 4500 |
| 001 |
in00002128321 |
| 005 |
20151103063839.0 |
| 006 |
m d |
| 007 |
cr cn--------- |
| 008 |
050616c19949999tu bx pss 0 0tur d |
| 022 |
|
|
|a 1303-6106
|y 1300-008X
|
| 035 |
|
|
|a (OCoLC)ocm60656178
|
| 040 |
|
|
|a SNM
|c SNM
|d SMI
|d CUS
|d TXA
|d UtOrBLW
|
| 049 |
|
|
|a TXAM
|
| 090 |
|
|
|a QK1
|b .T855 Electronic
|
| 130 |
0 |
|
|a Türk botanik dergisi (Online)
|
| 245 |
1 |
0 |
|a Türk botanik dergisi :
|b Turkish journal of botany.
|
| 246 |
3 |
1 |
|a Turkish journal of botany
|
| 264 |
|
1 |
|a Ankara :
|b Türkiye Bilimsel ve Teknik Araştırma Kurumu.
|
| 310 |
|
|
|a Six no. a year
|
| 336 |
|
|
|a text
|b txt
|2 rdacontent
|
| 337 |
|
|
|a computer
|b c
|2 rdamedia
|
| 338 |
|
|
|a online resource
|b cr
|2 rdacarrier
|
| 362 |
1 |
|
|a Print began with cilt 18, sayi 1 (1994).
|
| 500 |
|
|
|a Title taken from title screen (viewed June 16, 2005).
|
| 500 |
|
|
|a Full-text coverage begins in 1998. Abstracts available online for years 1996-97.
|
| 500 |
|
|
|a Order of titles varies.
|
| 530 |
|
|
|a Also available in print.
|
| 546 |
|
|
|a In Turkish; abstracts in English, 1994- ; in English; abstracts in Turkish, <v. 26, no. 3->
|
| 538 |
|
|
|a Mode of access: World Wide Web.
|
| 500 |
|
|
|a Electronic resource.
|
| 650 |
|
0 |
|a Botany
|v Periodicals.
|
| 650 |
|
0 |
|a Botany
|z Turkey
|v Periodicals.
|
| 710 |
2 |
|
|a Türkiye Bilimsel ve Teknik Araştırma Kurumu.
|
| 776 |
1 |
|
|t Türk botanik dergisi
|w (OCoLC)30635964
|
| 780 |
0 |
0 |
|t Doğa. Türk botanik dergisi
|x 1011-0887
|w (DLC)sn 94020625
|w (OCoLC)16775083
|
| 948 |
|
|
|a cataloged
|b h
|c 2006/4/28
|d c
|e pbump
|
| 994 |
|
|
|a C0
|b TXA
|
| 999 |
|
|
|a MARS
|
| 999 |
f |
f |
|s 9a78b73b-4bce-3f64-8b51-473e94c26ba4
|i 2000bf6e-78ef-394f-9098-01244036345f
|t 0
|
| 952 |
f |
f |
|a Texas A&M University
|b College Station
|c Electronic Resources
|d Available Online
|t 0
|e QK1 .T855
|g Electronic
|h Library of Congress classification
|
| 998 |
f |
f |
|a QK1 .T855
|t 0
|l Available Online
|